Dictionnaire de botanique pratique / (Record no. 155504)
[ view plain ]
| 000 -LEADER | |
|---|---|
| campo de control de longitud fija | 00534nam a2200169 i 4500 |
| 001 - NÚMERO DE CONTROL | |
| campo de control | 155504 |
| 003 - IDENTIFICADOR DE NÚMERO DE CONTROL | |
| campo de control | ES-MaACL |
| 005 - FECHA Y HORA DE LA ÚLTIMA TRANSACCIÓN | |
| campo de control | 20230906210114.0 |
| 008 - DATOS DE LONGITUD FIJA--INFORMACIÓN GENERAL | |
| campo de control de longitud fija | 021108s1850 fr d |||| | fre d |
| 080 ## - NÚMERO DE LA CLASIFICACIÓN DECIMAL UNIVERSAL | |
| Número de la Clasificación Decimal Universal | 58(038) |
| 100 1# - ENTRADA PRINCIPAL--NOMBRE DE PERSONA | |
| Nombre de persona | Hoefer, Ferdinand. |
| 9 (RLIN) | 63914 |
| 245 10 - MENCIÓN DEL TÍTULO | |
| Título | Dictionnaire de botanique pratique / |
| Mención de responsabilidad, etc. | par Ferd. Hoefer. |
| 260 ## - PUBLICACIÓN, DISTRIBUCIÓN, ETC. | |
| Lugar de publicación, distribución, etc. | Paris : |
| Nombre del editor, distribuidor, etc. | Librairie de Firmin Didot Frères, |
| Fecha de publicación, distribución, etc. | 1850. |
| 300 ## - DESCRIPCIÓN FÍSICA | |
| Extensión | III, 726 p. : |
| Otras características físicas | il. ; |
| Dimensiones | 17 cm. |
| 650 #4 - PUNTO DE ACCESO ADICIONAL DE MATERIA--TÉRMINO DE MATERIA | |
| Término de materia o nombre geográfico como elemento de entrada | Botánica- |
| Subdivisión general | Diccionarios. |
| 9 (RLIN) | 150273 |
| 852 4# - LOCALIZACIÓN | |
| Ubicación | ES-MaACL |
| Número de control de estantería | D-2393 |
| Nota libre | - Enc. hol. |
| Estatus retirado | Estado de pérdida | Estado de daño | No para préstamo | Colección | Biblioteca de origen | Biblioteca actual | Ubicación en estantería | Fecha de adquisición | Fuente de adquisición | Total de préstamos | Signatura topográfica completa | Código de barras | Visto por última vez | Precio de reemplazo | Tipo de ítem Koha |
|---|---|---|---|---|---|---|---|---|---|---|---|---|---|---|---|
| Libros del s. XIX | Biblioteca del Ateneo de Madrid | Biblioteca del Ateneo de Madrid | Sala Valle Inclán | 17/01/2008 | D-2393 | 901162661 | 23/02/2023 | 23/02/2023 | Libro impreso antiguo |
